000 00652nam a2200217 a 4500
001 000043586
003 DO-SdBNP
005 20221205095526.0
007 ta
008 140327s2014 dr 000 0 spa d
020 _a9789945914108
040 _aDO-SdBNP
_bspa
_cBNPHU
082 _222
_axxx
_bP644g
100 1 _aPimentel, Carlos
_954491
245 1 0 _aGuía para el Monitoreo Ciudadano de la Gestión Pública en la República Dominicana /
_cCarlos Pimentel.
260 _aSanto Domingo :
_bParticipación Ciudadana,
_c2018.
300 _a35 p. :
_bil., retrs. ;
_c29 cm.
590 _aInventariado, 2022 / DG
910 _aDG
942 _2ddc
_cLF2
999 _c43075
_d43075